000 00346nam a2200145Ia 4500
008 150201s1999 xx 000 0 und d
082 _a603
_bN1999S
100 _aSKIDMORE-ROTH
245 _aMOSBYS NURSING DRUG REFERENCE
250 _a1ST
260 _bMOSBY
_aDELHI
_c1999
300 _a1-1185
650 _aGENERAL DENTISTRY
942 _2ddc
_cBK
999 _c4026
_d4026